000 008250000a22001690004500
020 _a958-706-002-4
041 0 _aSPA
082 0 4 _aR 912 H25481m
245 1 0 _aAtlas Millenium / Traducido por Grijalbo Mondadori
260 _aLondres : Dorling Kindersley Limited
300 _a360 p.
500 _aTítulo original: DK World Atlas: Millenium edition
520 _aResumen: Un portentoso retrato de nuestro planeta a las puertas del tercer milenio, realizado a partir de más de 400 mapas de alta precisión, complementados por imágenes satelitales globales, fotografías a gran escala de los accidentes geográficos, maquetas de terreno computarizadas, mapas temáticos de vista panorámica y otros significativos avances de la cartografía contemporánea.
650 1 4 _aATLAS \ GEOGRAFIA
001 417
942 _cBK
999 _c31947
_d31947